000 00991nam a22003017a 4500
003 CHAP
005 20220329133311.0
008 971013s r 00010 d
010 _a4575
011 _a5547
035 _a4761
040 _cCHAP
090 _aR-3292
100 0 0 _aIslam, Nurul.
_960579
245 _aFast-growing
_b: agricultural exports of developing countries
500 _aSobretiro de: Food policy 13 (3): 313-316, 1988
590 _aBATCH-UPD
_b10
_c20130110
_lUCH01
_h0017
590 _aBATCH-UPD
_b10
_c20130110
_lUCH01
_h1916
590 _aBATCH-UPD
_b10
_c20130409
_lUCH01
_h1955
590 _aBATCH-UPD
_b10
_c20130410
_lUCH01
_h1242
590 _aBATCH-UPD
_b10
_c20130913
_lUCH01
_h2019
590 _aCONVERSION
_b10
_c20130109
_lUCH01
_h1304
650 1 4 _aAgricultura
_xAspectos económicos
_xPaíses subdesarrollados.
_91281
650 1 4 _aProductos agrícolas
_xExportación.
_991945
901 _aBK
942 _cREIMP
949 _aR-3292
_bBC
_cR
_d-14308
_eTS1
_i4761
_si
999 _c4575
_d4575